[Event "Pavlodar Open 2019"]
[Site "Pavlodar"]
[Date "2019.11.25"]
[Round "2.4"]
[White "Zhigalko, Andrey"]
[Black "Bazilov, Arman"]
[Result "1-0"]
[WhiteElo "2537"]
[BlackElo "2137"]
[Annotator "TA"]
[PlyCount "99"]
[EventDate "2019.11.25"]
[EventType "swiss"]
[EventCountry "KAZ"]
[SourceTitle "playchess.com"]
[Source "ChessBase"]
[SourceQuality "1"]

{[%evp 15,103,33,34,35,45,37,40,35,64,60,61,36,34,50,51,-30,0,0,0,0,0,0,0,0,0,-6,4,-10,-10,-16,5,0,5,0,13,25,91,97,97,53,83,70,125,102,143,0,125,111,118,126,103,55,167,116,162,90,297,305,291,226,305,308,298,284,416,410,414,436,599,528,522,483,464,442,761,495,649,488,564,539,498,443,410,339,1677,1550,5834,5174,12839,11659]} 1. d4 d5 2. c4 c6 3. Nc3 Nf6 4. e3 e6 5. Nf3 Be7 6. Bd3 dxc4 7. Bxc4 b5 8. Bd3 Bb7 9. O-O {D45: Semi-Slav: 5 e3} a6 10. e4 c5 11. dxc5 {White is slightly better.} Bxc5 12. e5 Nd5 13. Ne4 Be7 14. Bg5 {Threatens to win with Nd6+!} O-O $1 15. Rc1 $146 (15. Nd6 $14 Bxg5 16. Nxb7) ({Predecessor:} 15. Bxe7 Qxe7 16. Rc1 Nd7 17. Bb1 {1-0 (29) Wagner,D (2472)-Mueller,R (2249) Saarbruecken 2013}) 15... Bxg5 16. Nfxg5 h6 {White must now prevent ...Nf4.} 17. Qg4 Nd7 (17... hxg5 18. Nxg5 Nd7 19. Bh7+ Kh8 20. Be4 $1 $18 {[%mdl 512]}) 18. Nf3 $40 {[%mdl 128] White attacks.} Qe7 19. Rfe1 Qb4 20. h3 Rac8 21. Rcd1 Nc5 22. Nd6 Qxg4 (22... Rc7 {looks sharper.} 23. Nxb7 Nxd3 24. Rxd3 Rxb7 25. Qxb4 Nxb4 26. Rd6 Nxa2 27. Rxa6 Nb4) 23. hxg4 Rc7 24. Bb1 Rd8 25. g5 hxg5 (25... Nb6 $11 {keeps the balance.}) 26. Nxg5 $16 Ba8 27. Rc1 {And now Ndxf7 would win.} Rdd7 $1 28. Kh2 Nf4 (28... f6 $14 29. b4 fxg5 30. bxc5 Bc6) 29. Re3 f6 {[#]} 30. Rec3 ({White should try} 30. Ne8 $1 $16 Rc8 31. exf6 Rxe8 32. f7+ (32. Rxc5 gxf6 33. g3 Rd1 $11) 32... Rxf7 33. Bh7+ (33. Rxc5 Rf6 $14) (33. Nxf7 Kxf7 34. Rxc5 Rh8+ 35. Kg3 Nh5+ 36. Kg4 Nf6+ 37. Kf4 Rh4+ 38. Kg3 Rg4+ 39. Kh3 Bxg2+ 40. Kh2 Bd5 $16) 33... Kf8 34. Nxf7 (34. Rxc5 Rf6 $14) 34... Kxf7 35. Rxc5) 30... fxg5 (30... Ne2 $11 31. Rxc5 Nxc1 32. Bh7+ Kh8 33. Ndf7+ Rxf7 34. Nxf7+ Rxf7) 31. Rxc5 Rxc5 32. Rxc5 {Threatening mate with Rc8+.} Rd8 33. f3 Nd5 {[#]} (33... g4 $14) 34. Kg3 (34. Ne4 $1 $18) 34... Kf8 35. Kg4 (35. Ne4 $18) 35... Ke7 $2 (35... Nb6 $16) 36. Kxg5 $18 Kd7 37. Be4 Ne7 38. Bxa8 Rxa8 {[%mdl 4096] Endgame KRN-KRN} 39. Rc2 Nc6 (39... Rh8 {might work better.} 40. Ne4 Rf8 41. Nc5+ Ke8 42. Nxe6 (42. Nxa6 Rf5+ 43. Kh4 Ng6+ 44. Kg3 Rxe5 $16) 42... Rf5+ 43. Kg4 Rxe5) 40. f4 Nb4 41. Rd2 Nxa2 42. Nxb5+ Ke7 43. Nd4 Nb4 44. Kg6 Rg8 (44... Rc8 $142 45. Kxg7 Rc1) 45. g3 a5 46. Kh7 Rc8 47. Kxg7 Rc1 48. g4 Rg1 49. g5 Nd5 $2 {[#]} (49... Rf1 50. Kh6 Rxf4) 50. g6 {Played: Nd4-f5} 1-0

[Event "Pavlodar Open 2019"]
[Site "Pavlodar"]
[Date "2019.11.25"]
[Round "2.5"]
[White "Korneev, Oleg"]
[Black "Loskutova, Viktoriya"]
[Result "1/2-1/2"]
[WhiteElo "2530"]
[BlackElo "2127"]
[Annotator "TA"]
[PlyCount "109"]
[EventDate "2019.11.25"]
[EventType "swiss"]
[EventCountry "KAZ"]
[SourceTitle "playchess.com"]
[Source "ChessBase"]
[SourceQuality "1"]

{[%evp 11,109,6,21,17,33,33,39,31,35,33,31,31,33,34,48,36,40,36,42,47,50,60,71,69,75,72,72,35,68,61,72,68,68,68,68,68,68,68,68,68,68,68,68,68,68,68,69,70,106,36,56,54,34,16,16,15,18,11,15,5,6,0,9,0,10,0,0,0,0,0,0,0,2,0,0,0,8,0,0,0,39,40,36,0,0,0,0,0,0,0,0,0,0,0,0,0,0,0,0,0]} 1. e4 c5 2. Nf3 d6 3. Bb5+ Nd7 4. d4 Ngf6 5. O-O cxd4 6. Qxd4 e5 7. Qd3 {B51: Sicilian: Moscow Variation (3 Bb5+) without 3...Bd7} h6 8. c4 Be7 9. Nc3 {White is slightly better.} O-O 10. Be3 (10. Bxd7 Bxd7 11. a4 Bc6 12. Rd1 Qe8 13. b3 Rd8 14. Nd2 Nh5 {½-½ (25) Grischuk,A (2764)-Nepomniachtchi,I (2707) Moscow 2012}) 10... a6 11. Bxd7 Bxd7 12. a4 Be6 13. a5 Rc8 14. Nd2 $146 ({Predecessor:} 14. b3 Qc7 {1-0 (47) Toma,K (2229)-Grapsa,G (2049) Riga 2017}) 14... Qc7 {[%cal Re6c4]} 15. b3 Qc6 16. Rfd1 Nh7 17. f3 f5 18. exf5 Bxf5 19. Qd5+ Kh8 20. Nde4 {[%cal Re4d6]} Bxe4 21. Nxe4 Qxd5 22. Rxd5 Nf6 23. Nxf6 ({Not} 23. Nxd6 $2 Rcd8 $19) 23... Rxf6 24. Kf2 Kg8 25. Ke2 Kf7 26. Kd3 Ke6 27. Ke4 Rff8 28. Rad1 Rc6 29. c5 Rfc8 30. b4 (30. h4 $16) 30... dxc5 31. Rxe5+ Kf6 $1 32. bxc5 Bxc5 33. Bxc5 Rxc5 $14 {[%mdl 4096] Endgame KRR-KRR} 34. Rd6+ Kf7 35. Rd7+ Kf6 36. Rd6+ Kf7 37. Rd7+ Kf6 38. Ree7 (38. f4 {looks sharper.} Rc4+ 39. Kf3 R8c7 40. Rd6+ Kf7 41. h4) 38... Rxa5 39. Rf7+ Ke6 40. Rfe7+ Kf6 41. Rf7+ Ke6 42. Rde7+ Kd6 43. Rxb7 Re8+ (43... Re5+ {is more complex.} 44. Kf4 Rc4+ 45. Kg3 Rg5+ 46. Kh3 Rh5+) 44. Kf4 g5+ 45. Kg3 Kc6 46. Rfc7+ Kd5 47. Rb6 Ra2 {The position is equal.} 48. Rxh6 Ree2 $1 {[%cal Re2g2]} 49. Kg4 Rxg2+ 50. Kf5 Ra3 51. Rd7+ Kc5 52. Rc7+ Kd5 53. Rd7+ Kc5 54. Rc7+ Kd5 55. Rd7+ {Accuracy: White = 70%, Black = 53%.} 1/2-1/2

[Event "Pavlodar Open 2019"]
[Site "Pavlodar"]
[Date "2019.11.25"]
[Round "2.6"]
[White "Shilnikov, Igor S."]
[Black "Burmakin, Vladimir"]
[Result "0-1"]
[WhiteElo "1628"]
[BlackElo "2508"]
[Annotator "TA"]
[PlyCount "62"]
[EventDate "2019.11.25"]
[EventType "swiss"]
[EventCountry "KAZ"]
[SourceTitle "playchess.com"]
[Source "ChessBase"]
[SourceQuality "1"]

{[%evp 11,90,4,18,25,35,-15,-16,-11,0,0,-11,-15,-3,-28,-33,-33,-23,-49,-45,-91,-93,-105,-105,-109,-112,-103,-91,-108,-96,-116,-89,-115,-105,-122,-88,-132,-131,-131,-132,-125,-93,-93,-99,-106,-92,-95,-98,-114,-93,-139,-137,-128,-102,-110,-93,-93,-101,-102,-116,-153,-153,-149,-137,-266,-281,-446,-410,-447,-414,-418,-431,-447,-440,-439,-385,-1008,-928,-929,-916,-1183,-1176]} 1. d4 Nf6 2. Nf3 e6 3. Bf4 c5 4. c3 Nc6 5. e3 d5 6. Nbd2 Nh5 7. Bg5 {D02: 1 d4 d5 2 Nf3 sidelines, including 2...Nf6 3 g3 and 2...Nf6 3 Bf4} Qb6 $146 (7... Qc7 8. Ne5 g6 9. Nxc6 bxc6 10. Be2 Rb8 11. Rb1 h6 12. Bh4 g5 13. Bxh5 gxh4 14. O-O Bd6 {1-0 (53) Harikrishna,P (2732)-Navara,D (2727) Prague 2018}) 8. Qb3 h6 9. Bh4 {The position is equal.} g5 10. Bg3 Nxg3 11. hxg3 Bg7 12. Qxb6 axb6 13. Bb5 Bd7 (13... Ke7 {keeps more tension.} 14. a4 Na7 15. Be2 Bd7 16. Ne5 Be8) 14. Nb3 c4 $36 {[%mdl 2048] Black is pushing.} 15. Bxc6 bxc6 ({Weaker is} 15... cxb3 16. Bxd7+ Kxd7 17. a3 $16) 16. Nbd2 f6 17. a3 Ke7 18. O-O-O Be8 19. Rde1 Bg6 20. e4 Kd7 21. Re2 Rae8 22. Ne1 f5 23. e5 h5 24. f4 Bh6 25. Rf2 {[#]} h4 $1 {[%mdl 512]} 26. gxh4 gxf4 27. Ndf3 Reg8 28. Kd2 Be8 29. Ke2 Bf8 30. Kf1 Be7 31. Kg1 Rg3 {Played: Rg8-g4} 0-1

[Event "Pavlodar Open 2019"]
[Site "Pavlodar"]
[Date "2019.11.25"]
[Round "2.7"]
[White "Khegay, Dmitriy"]
[Black "Barmagambetov, Meyrzhan"]
[Result "1-0"]
[WhiteElo "2504"]
[BlackElo "2125"]
[Annotator "TA"]
[PlyCount "117"]
[EventDate "2019.11.25"]
[EventType "swiss"]
[EventCountry "KAZ"]
[SourceTitle "playchess.com"]
[Source "ChessBase"]
[SourceQuality "1"]

{[%evp 22,117,23,0,0,0,7,0,23,-14,0,-14,-22,-16,38,35,145,137,131,117,164,154,136,136,177,167,167,182,184,170,178,171,168,146,151,155,179,164,206,199,194,143,225,127,200,191,200,175,377,363,371,360,371,370,370,365,348,355,329,325,944,850,12829,12828,12835,12835,12836,12836,12837,12835,12838,12839,12838,12839,12839,12839,12841,12842,12842,12843,12843,12843,12844,12844,12846,12847,12847,12847,12848,12847,12848,12848,12849,12849,12851,27999,12851,27997]} 1. e4 e5 2. Nf3 Nc6 3. Bc4 Bc5 4. c3 Nf6 5. d3 d6 6. Bb3 h6 7. Nbd2 O-O 8. O-O a6 9. h3 Ba7 10. Re1 Nh5 11. Nf1 Qf6 12. Be3 Bxe3 {C54: Giuoco Piano: 4 c3 Nf6, main lines with 5 d4 and 5 d3} (12... Be6 13. N1h2 Bxe3 14. fxe3 Qe7 15. Nf1 g6 16. d4 Bxb3 17. axb3 Kg7 18. b4 Nf6 19. Ng3 Nh7 20. Nd2 {½-½ (45) Saric,I (2666)-Banusz,T (2612) Sibenik 2016}) 13. fxe3 Qg6 14. Kh2 Na5 {The position is equal.} 15. g4 Nf6 16. Ng3 Nxb3 17. axb3 h5 $146 ({Better is} 17... Nh7 $11) ({Predecessor:} 17... Re8 18. Nf5 Qh7 19. Rg1 h5 20. Ng5 {1-0 (46) Nasuta,G (2455)-Audi,A (2219) Pardubice 2017}) 18. Nf5 $14 {Ne7+ is the strong threat.} Bxf5 (18... Kh8 $1 $14 19. g5 Nd7) 19. exf5 $16 Qh7 20. g5 $36 {[%mdl 2048] Keeping Black busy.} Ng4+ 21. Kg3 Qxf5 {White should prevent ...f6.} 22. hxg4 hxg4 23. Nh4 Qxg5 {Hoping for ...f5.} 24. Qxg4 Qxg4+ 25. Kxg4 g6 26. Rg1 Kg7 27. e4 Rh8 28. Nf3 c6 29. Rh1 Rxh1 30. Rxh1 $18 {[%mdl 4096] Endgame KRN-KR} f6 31. b4 (31. d4 $18) 31... d5 (31... a5 $16) 32. Kg3 ({White should try} 32. exd5 $18 cxd5 33. d4) 32... Rd8 (32... a5 $16 {was necessary.}) 33. Kf2 Re8 34. c4 d4 $2 (34... g5 35. cxd5 (35. exd5 cxd5 36. cxd5 Rd8 $16) 35... cxd5) 35. c5 Rb8 36. Nd2 b5 37. cxb6 Rxb6 38. Nc4 Rxb4 39. Ra1 Rb3 40. Ra3 ({Less strong is} 40. Rxa6 Rxd3 41. Rxc6 Rb3 $16) 40... Rxa3 $2 (40... Rb8 41. Rxa6 c5) 41. bxa3 {KN-KP} Kf7 42. Na5 $1 {[%cal Ra5c6]} Ke6 43. Nxc6 Kd6 {[#]} 44. Nb4 $1 {[%cal Rb4a6]} a5 45. Nd5 f5 46. Nb6 Kc5 47. Nd7+ Kd6 48. Nf8 fxe4 49. dxe4 g5 {[#]} 50. Nh7 $1 {[%cal Rh7g5]} g4 51. Nf6 g3+ 52. Kxg3 {KN-K3P} d3 53. Kf3 Kc5 54. Ke3 Kc4 55. Nd5 a4 56. Kd2 Kb3 57. Kxd3 {Threatening mate with Ne3.} Kxa3 58. Nb6 {White threatens Kc3 and mate.} Kb4 {[#]} 59. Nxa4 $1 {[%mdl 512] Accuracy: White = 77%, Black = 33%.} 1-0

[Event "Pavlodar Open 2019"]
[Site "Pavlodar"]
[Date "2019.11.25"]
[Round "3.1"]
[White "Tiviakov, Sergei"]
[Black "Makhmutov, Rail"]
[Result "1-0"]
[WhiteElo "2613"]
[BlackElo "2403"]
[Annotator "TA"]
[PlyCount "67"]
[EventDate "2019.11.25"]
[EventType "swiss"]
[EventCountry "KAZ"]
[SourceTitle "playchess.com"]
[Source "ChessBase"]
[SourceQuality "1"]

{[%evp 14,67,6,0,0,-1,17,8,19,0,0,0,59,65,76,68,62,60,100,80,60,63,120,128,138,139,131,120,133,137,127,133,115,129,130,139,138,135,110,110,103,118,139,135,234,231,256,204,210,17,188,194,195,181,197,185]} 1. e4 e5 2. Nf3 Nf6 3. d4 Nxe4 4. Bd3 d5 5. Nxe5 Nd7 6. Nc3 Nxc3 7. bxc3 Nxe5 8. dxe5 Bc5 {C43: Petroff Defence: 3 d4} 9. O-O Be6 (9... O-O 10. Qh5 g6 11. Qh6 f5 12. h4 Re8 13. Bg5 Be7 14. Bxe7 Qxe7 15. Rfe1 Be6 16. Re3 {½-½ (58) Huschenbeth,N (2571)-Bogner,S (2588) Le Castella 2018}) 10. Rb1 Bb6 {The position is equal.} 11. Qh5 Qe7 12. a4 $146 ({Predecessor:} 12. Bg5 Qf8 13. c4 h6 14. Bd2 O-O-O 15. Bb4 Bc5 16. cxd5 Bxd5 17. a3 Qe7 18. Rfe1 Kb8 19. Qe2 Rhe8 20. g3 Bc6 21. Be4 Bxe4 {½-½ (21) Hjorth,J (2120)-Bychkov,L (2272) ICCF email 2013}) 12... O-O-O (12... h6 $11) 13. Bg5 $14 f6 14. exf6 gxf6 15. Bh4 Rd6 16. Rfe1 Qf7 17. Qf3 Bd7 (17... Rg8 $14) 18. Bg3 $16 Re6 19. Red1 Rhe8 20. c4 dxc4 21. Bxc4 Bxa4 22. Qf5 {[%mdl 64] Pin} ({But not} 22. Bxe6+ $6 Qxe6 23. Rbc1 Bc6 $11) 22... Bd7 23. Qf4 {Strongly threatening Rxb6.} Qh5 24. Bxe6 Rxe6 25. Qd2 Qe8 26. h3 $40 {[%mdl 128] White is out for blood.} Bc6 27. Qf4 {aiming for Rxb6!} Qe7 28. Kh2 Be4 (28... Qf7 $16 {is a better defense.} 29. c4 (29. Qd2 Re8 $16) 29... Re5) 29. Rd2 $18 Bc5 30. Qg4 {And now Rbd1 would win.} f5 31. Qh5 $2 (31. Qg8+ $18 Qe8 32. Qg7) 31... Bd6 $2 (31... Rg6 $1 $11 {and Black is okay.} 32. f3 Rxg3 {[%mdl 64] Remove Defender} 33. Kxg3 Be3) 32. Bxd6 $1 {White is clearly better.} Rxd6 {[#]} 33. Re2 $1 {Threatens to win with f3.} Qe5+ {[#]} 34. Kh1 $1 {Accuracy: White = 72%, Black = 37%.} 1-0

[Event "Pavlodar Open 2019"]
[Site "Pavlodar"]
[Date "2019.11.25"]
[Round "3.2"]
[White "Zhalmakhanov, Ramazan"]
[Black "Sivuk, Vitaly"]
[Result "1/2-1/2"]
[WhiteElo "2391"]
[BlackElo "2582"]
[Annotator "RC"]
[PlyCount "67"]
[EventDate "2019.11.25"]
[EventType "swiss"]
[EventCountry "KAZ"]
[SourceTitle "playchess.com"]
[Source "ChessBase"]
[SourceQuality "1"]
[TimeControl "5400+30"]

1. e4 {[%emt 0:00:00]} e6 {[%emt 0:00:05]} 2. d4 {[%emt 0:00:00]} d5 {[%emt 0:00:07]} 3. Nd2 {[%emt 0:00:00]} c5 {[%emt 0:00:10]} 4. exd5 {[%emt 0:02:16]} Qxd5 {[%emt 0:00:10]} 5. Ngf3 {[%emt 0:00:17]} cxd4 {[%emt 0:00:12]} 6. Bc4 {[%emt 0:00:08]} Qd7 {[%emt 0:00:11]} 7. O-O {[%emt 0:06:18]} Nc6 {[%emt 0:00:25]} 8. Nb3 {[%emt 0:00:14]} Nf6 {[%emt 0:00:55]} 9. Nbxd4 {[%emt 0:00:33]} Nxd4 {[%emt 0:00:10]} 10. Nxd4 {[%emt 0:01:41]} a6 {[%emt 0:00:11]} 11. c3 {[%emt 0:01:05]} Qc7 {[%emt 0:03:37]} 12. Bb3 {[%emt 0:04:53]} Bd6 {[%emt 0:00:53]} 13. h3 {[%emt 0:04:06]} O-O 14. Re1 {[%emt 1:15:29]} Bh2+ {[%emt 0:11:40]} 15. Kh1 {[%emt 0:00:00]} Bf4 {[%emt 0:00:12]} 16. Bxf4 {[%emt 0:01:00]} Qxf4 {[%emt 1:19:02]} 17. Qf3 {[%emt 0:00:00]} Qxf3 18. Nxf3 b6 {[%emt 0:00:00]} 19. Rad1 Bb7 {[%emt 0:01:30]} 20. Ne5 {[%emt 0:00:00]} Rfd8 {[%emt 0:00:30]} 21. Kg1 {[%emt 0:00:00]} Kf8 {[%emt 0:00:00]} 22. f3 g5 {[%emt 0:00:00]} 23. h4 gxh4 {[%emt 0:01:30]} 24. Kh2 {[%emt 0:00:00]} Ke7 {[%emt 0:00:00]} 25. a4 {[%emt 0:00:00]} Rxd1 {[%emt 0:00:00]} 26. Rxd1 {[%emt 0:00:00]} Rg8 {[%emt 0:00:00]} 27. Rd4 {[%emt 0:00:00]} Rg5 {[%emt 0:00:00]} 28. Nd3 {[%emt 0:00:00]} e5 {[%emt 0:00:00]} 29. Rb4 {[%emt 0:00:00]} Nd7 {[%emt 0:00:00]} 30. Rxh4 {[%emt 0:00:00]} h5 {[%emt 0:00:00]} 31. Nf2 {[%emt 0:00:00]} Nf6 {[%emt 0:00:00]} 32. Rb4 {[%emt 0:00:00]} Nd7 {[%emt 0:00:00]} 33. Rh4 {[%emt 0:00:00]} Nf6 {[%emt 0:00:00]} 34. Rb4 {[%emt 0:00:00]} 1/2-1/2

[Event "Pavlodar Open 2019"]
[Site "Pavlodar"]
[Date "2019.11.25"]
[Round "3.3"]
[White "Temirbayev, Serikbay"]
[Black "Obolenskikh, Dmitry"]
[Result "1/2-1/2"]
[WhiteElo "2372"]
[BlackElo "2542"]
[Annotator "TA"]
[PlyCount "85"]
[EventDate "2019.11.25"]
[EventType "swiss"]
[EventCountry "KAZ"]
[SourceTitle "playchess.com"]
[Source "ChessBase"]
[SourceQuality "1"]

{[%evp 22,85,0,0,0,0,0,0,-7,0,10,5,22,0,0,0,0,0,0,0,0,0,0,0,0,0,0,0,0,0,0,0,0,0,0,0,0,0,0,0,0,0,0,0,0,0,0,0,0,0,0,0,0,0,0,0,0,0,0,0,0,0,0,0,0,0]} 1. d4 d5 2. c4 e6 3. Nf3 c6 4. Nbd2 Nf6 5. g3 Nbd7 6. Bg2 Bd6 7. O-O O-O 8. Qc2 Re8 9. e4 dxe4 (9... Nxe4 10. Nxe4 dxe4 {½-½ (15) Sakaev,K (2668)-Lautier,J (2680) Khanty-Mansiysk 2005}) 10. Nxe4 Nxe4 11. Qxe4 e5 12. Bg5 {The position is equal.} f6 {E01: Catalan: Early deviations} 13. Bd2 exd4 14. Qxd4 Ne5 15. Bc3 Qc7 16. Rfe1 {[#]} Bh3 $146 ({Predecessor:} 16... Be6 17. b3 Nxf3+ {½-½ (17) Ricardi,P (2555)-Slipak,S (2535) Buenos Aires 1996}) 17. c5 Bxg2 18. Kxg2 Nxf3 19. Kxf3 Be5 20. Qc4+ Kf8 21. Bxe5 Rxe5 22. Rad1 Rxe1 23. Rxe1 $11 {[%mdl 4096] Endgame KQR-KQR} Rd8 24. Qe6 Qf7 25. Qxf7+ Kxf7 {KR-KR} 26. Re3 h5 27. Ra3 Rd2 28. Rb3 Rd7 29. Ra3 a6 30. Re3 g5 31. h3 f5 32. Ke2 Kf6 33. Re8 Rd4 34. Rb8 Rb4 35. b3 a5 36. Kd3 h4 37. Rf8+ Ke6 38. Rg8 Kf6 39. Rf8+ Ke6 40. Rg8 hxg3 41. fxg3 Kf6 42. Rf8+ Ke5 43. Re8+ {Accuracy: White = 92%, Black = 89%.} 1/2-1/2

[Event "Pavlodar Open 2019"]
[Site "Pavlodar"]
[Date "2019.11.25"]
[Round "3.4"]
[White "Nogerbek, Kazybek"]
[Black "Zhigalko, Andrey"]
[Result "0-1"]
[WhiteElo "2352"]
[BlackElo "2537"]
[Annotator "TA"]
[PlyCount "62"]
[EventDate "2019.11.25"]
[EventType "swiss"]
[EventCountry "KAZ"]
[SourceTitle "playchess.com"]
[Source "ChessBase"]
[SourceQuality "1"]

{[%evp 12,62,9,0,19,11,14,3,29,0,-4,-8,7,0,34,40,30,-155,-170,-213,-228,-224,-229,-216,-222,-262,-243,-387,-376,-410,-410,-387,-349,-398,-392,-399,-396,-355,-261,-246,-254,-1064,-1053,-1031,-994,-29974,-29974,-29991,-29992,-29996,-29997,-29997,-29998]} 1. d4 Nf6 2. c4 e6 3. Nf3 d5 4. g3 Be7 5. Bg2 O-O 6. Nc3 Nbd7 7. Qd3 a6 {E06: Closed Catalan: Early deviations} (7... c6 8. O-O b6 9. b3 a5 10. Bb2 Ba6 11. Rfd1 Rc8 12. Rac1 Qc7 13. e4 Rfd8 14. exd5 cxd5 15. Nb5 Qb8 16. a4 Bb7 17. Qe2 {1-0 (46) Cheparinov,I (2667)-Ponomariov,R (2675) Hengshui 2019}) 8. b3 dxc4 $146 ({Predecessor:} 8... h6 9. O-O Re8 10. Bb2 b6 11. e4 dxe4 12. Nxe4 Bb7 13. Nxf6+ Nxf6 14. Rad1 Qc8 15. Rfe1 {1-0 (29) Lin,Y (2371)-Hou,Y (1838) Jiangmen 2018}) 9. bxc4 c5 {The position is equal.} 10. d5 exd5 11. cxd5 {Black must now prevent d6.} Re8 12. a4 Nb6 {[%cal Rf6d5,Bd7b6,Bb6d5,Bd5b4,Bb4c2][%mdl 32]} (12... c4 $5 {[%cal Rc4d3]} 13. Qc2 Nb6 $11) 13. Nd2 Bg4 {aiming for ...c4!} 14. a5 $2 {[#]} (14. O-O $11) 14... c4 $1 $17 {[%cal Rc4d3]} 15. Qd4 Bb4 {...Bxc3 is the strong threat.} 16. O-O Bxc3 $1 {[%mdl 64] Overworked Piece} 17. Qxc3 Nbxd5 18. Qd4 Bxe2 19. Re1 (19. Nxc4 {was called for.} Bxf1 20. Kxf1) 19... Nb4 $19 20. Bb2 Nc2 21. Qc3 Nxa1 ({Don't play} 21... Nxe1 22. Rxe1 Rb8 23. Rc1 $19) 22. Rxa1 Qd3 23. Bxb7 Rab8 24. Bxa6 {[#]} Rxb2 $1 {[%mdl 576] Decoy} 25. Qxb2 c3 {[%mdl 64] Double Attack} 26. Qb3 $2 (26. Bxd3 cxb2 27. Ra3) 26... Qxd2 27. Bxe2 Rxe2 28. Qb1 c2 {Black mates.} 29. Qf1 Ng4 30. a6 Rxf2 {[%mdl 64] Double Attack} 31. Qe1 Rg2+ {Accuracy: White = 44%, Black = 80%.} 0-1

[Event "Pavlodar Open 2019"]
[Site "Pavlodar"]
[Date "2019.11.25"]
[Round "3.5"]
[White "Burmakin, Vladimir"]
[Black "Rakhimzhan, Alen"]
[Result "1-0"]
[WhiteElo "2508"]
[BlackElo "2354"]
[Annotator "TA"]
[PlyCount "125"]
[EventDate "2019.11.25"]
[EventType "swiss"]
[EventCountry "KAZ"]
[SourceTitle "playchess.com"]
[Source "ChessBase"]
[SourceQuality "1"]

{[%evp 15,125,25,34,31,41,35,37,38,30,7,32,13,54,58,68,62,69,56,50,51,48,53,161,159,152,102,107,85,70,34,52,51,56,59,52,69,55,50,72,64,93,73,68,60,81,54,77,78,62,53,62,56,62,54,60,55,51,46,69,72,73,76,79,52,63,46,66,66,82,86,110,89,91,86,115,119,133,133,133,133,129,131,131,125,135,137,142,132,163,163,156,149,149,156,203,172,192,191,194,167,260,266,368,336,357,358,652,406,607,531,931,914]} 1. Nf3 Nf6 2. c4 e6 3. g3 d5 4. Bg2 Be7 5. O-O O-O 6. b3 c6 7. Bb2 b6 8. Qc2 Nbd7 9. d3 {A14: English Opening: 1...e6 with b3 by White} (9. d4 Bb7 10. Nbd2 {½-½ (10) Strikovic,A (2509)-Moskalenko,V (2532) Elgoibar 2012}) 9... Ba6 10. e4 Rc8 11. e5 {White is slightly better.} Ne8 12. Nbd2 $146 {[%cal Bb1d2,Bd2c4,Bc4d6][%mdl 32]} ({Predecessor:} 12. Qe2 b5 13. Nbd2 Qa5 {½-½ (42) Frumkin,E (2069)-Szuper,P New York 2004}) 12... b5 13. Rfc1 Qb6 14. d4 $36 {[%mdl 2048] White fights for an advantage.} bxc4 15. bxc4 dxc4 16. Rab1 c5 17. Nxc4 Qd8 18. Qa4 Nc7 (18... Bxc4 $14 19. Qxc4 Nc7) 19. Nd6 $18 Rb8 {intending ...Bd3.} 20. Qc2 c4 21. Nxc4 {And now Na5 would win.} Nd5 22. Ba1 Rc8 23. Qb3 Rb8 24. Qa4 Rxb1 25. Rxb1 Bxc4 26. Qxc4 N7b6 27. Qb3 Qd7 28. Nd2 Rc8 29. Bf1 Rc7 30. Nc4 (30. Ne4 {is interesting.} Qc8 31. Bb2 g6 32. h4 Nc4 33. Ba1) 30... g6 31. Nxb6 Nxb6 32. Bb2 Nd5 33. Bc4 Nb6 34. Bb5 Qc8 35. Be2 Nd5 36. Qd1 Qd8 37. Rc1 Rb7 38. Ba1 Ba3 39. Rb1 Rc7 40. Qb3 Bf8 41. Bf3 Nb6 42. Rd1 Rd7 43. Bc3 Nd5 44. Bd2 Nb6 {[#]} 45. Be3 $1 Nd5 46. Bxd5 Rxd5 47. Rc1 Rd7 48. Qc3 Kg7 49. Qc8 Qxc8 50. Rxc8 $16 {[%mdl 4096] Endgame KRB-KRB} Be7 51. Kg2 h6 52. h4 Bd8 53. Kf3 Bb6 54. Ke4 Rd5 {[#]} 55. a4 $1 Ra5 56. Rc4 Rd5 57. Bd2 Kh7 (57... Ba5 $142) 58. Bb4 $18 Bd8 59. Rc6 Ba5 60. Bc5 Be1 $2 (60... Bb6 61. Bxb6 axb6 62. Rxb6 Ra5) 61. Ke3 a5 (61... Rd7 $142 62. Ra6 Kg7 63. Bxa7 Rd8) 62. Rc7 Kg7 63. Be7 {Accuracy: White = 66%, Black = 35%.} 1-0

[Event "Pavlodar Open 2019"]
[Site "Pavlodar"]
[Date "2019.11.25"]
[Round "3.6"]
[White "Isanzhulov, Arystan"]
[Black "Khegay, Dmitriy"]
[Result "0-1"]
[WhiteElo "2318"]
[BlackElo "2504"]
[Annotator "TA"]
[PlyCount "78"]
[EventDate "2019.11.25"]
[EventType "swiss"]
[EventCountry "KAZ"]
[SourceTitle "playchess.com"]
[Source "ChessBase"]
[SourceQuality "1"]

{[%evp 9,78,8,32,19,21,0,0,0,0,0,14,-7,-7,-4,0,-15,-7,-8,-2,-6,-8,0,0,-63,-22,-57,-16,-8,-10,-143,-139,-148,-143,-154,-125,-115,-116,-120,-120,-124,-114,-123,-136,-180,-166,-193,-187,-202,-198,-240,-210,-282,-267,-201,-204,-570,-568,-665,-659,-603,-550,-929,-896,-840,-839,-3780,-3780,-6111,-6103,-5617,-5583]} 1. e4 c5 2. Nc3 Nc6 3. Bb5 Nd4 4. Nf3 a6 5. Bd3 Nc6 6. O-O {B23: Closed Sicilian: Lines without g3} d6 7. h3 g6 8. Ne2 $146 {The position is equal.} ({Predecessor:} 8. Nd5 Bg7 9. c3 Nf6 10. Bc2 O-O 11. Re1 e5 12. Nxf6+ Qxf6 {½-½ (89) Abdusattorov,N (2546)-Zvjaginsev,V (2642) St Petersburg 2018}) 8... Nb4 9. Bc4 b5 10. c3 {Hoping for Bxf7+!} bxc4 11. cxb4 cxb4 12. Qa4+ Bd7 $1 {[%cal Rd7a4]} 13. Qxb4 Bg7 14. Nc3 Qc8 15. d4 cxd3 16. Nd5 ({Better is} 16. Rd1 $11) 16... Nf6 {Threatening ...Nxd5.} (16... Rb8 $5 {[%cal Rb8b4]} 17. Qa3 Nf6 $17) 17. Qd4 Qd8 18. Bg5 O-O 19. Nxf6+ (19. Bxf6 $11 exf6 20. Rfe1) 19... exf6 $17 20. Bf4 f5 21. e5 dxe5 22. Bxe5 Bxe5 23. Nxe5 Bb5 $36 {[%mdl 2048] White is under strong pressure.} 24. Qf4 f6 25. Nf3 Re8 26. Rad1 Qd5 27. Qd4 Qxa2 28. Qxf6 Qf7 29. Qxf7+ Kxf7 30. Nd4 Rad8 31. Nxb5 axb5 $19 {[%mdl 4096] Endgame KRR-KRR} 32. Rd2 $2 {[#]} (32. f4) 32... Re2 {Black is clearly winning.} 33. Rfd1 Rxd2 34. Rxd2 {KR-KR} Ke6 35. f4 Rd4 36. Kf2 Kd5 37. b3 Rxf4+ 38. Ke3 Re4+ 39. Kxd3 Rd4+ {Accuracy: White = 40%, Black = 87%.} 0-1